Etica demostrada según el orden geométrico

Сохранить в:
Библиографические подробности
Главный автор: Spinoza, Benedictus de (Автор)
Формат:
Язык:испанский
Опубликовано: Madrid Alianza 1987
Редактирование:1a. ed
Серии:El libro de bolsillo. Sección: clásicos, 1243
Предметы:
Метки: Добавить метку
Нет меток, Требуется 1-ая метка записи!

MARC

LEADER 00000nam a2200000 a 4500
001 UCW0208
003 CL-VaPUC
008 911015e19870000SP |||||||||||||||||spa|d
082 0 4 |a 174  |b SPI  |2 21 
100 0 |a Spinoza, Benedictus de  |e author  |9 304164 
245 1 0 |a Etica demostrada según el orden geométrico 
250 |a 1a. ed 
300 |a 381 p 
942 |c BK 
945 |d 19911015 00:00:00 
260 |a Madrid  |b Alianza  |c 1987 
650 0 |a Ética  |9 255099 
583 |a last modification  |c 20120831 10:58:07  |k Rodrigo Vera 
490 0 |a El libro de bolsillo. Sección: clásicos, 1243 
999 |c 215436  |d 215434 
952 |0 0  |1 0  |4 0  |6 174_000000000000000_SPI_1987  |7 0  |8 A  |9 199735  |a BIBART  |b BIBART  |d 2019-11-14  |i 2669935  |l 1  |o 174 SPI 1987  |p 2669935  |r 2025-03-13  |s 2023-12-01  |w 2019-11-14  |y BK  |k ART